| 000 | 00477nam a2200133 a 4500 | ||
|---|---|---|---|
| 008 | 120416s2002 ||||||||||||||||| || u | ||
| 050 | _aSCANUL(02) | ||
| 100 | _aWillemse, John | ||
| 245 | 1 | 0 | _aLibrary funding |
| 246 | _aadequate financial support for African university libraries | ||
| 260 |
_aOxford _bINASP _c2002 |
||
| 350 | _a0.00 | ||
| 995 |
_D0.00 _FCBU-MAIN LIBRARY (Kitwe) _H1 _I0.00 _UAVAILABLE _ZInternational Publications |
||
| 999 |
_c49216 _d49216 |
||